000 01543nam a2200325 a 4500
001 ebr10505612
003 CaPaEBR
006 m u
007 cr cn|||||||||
008 111129s2003 ne sb 101 0 eng d
020 _z9062991858
020 _z9789062991853
020 _z9789062997718 (e-book)
040 _aCaPaEBR
_cCaPaEBR
035 _a(OCoLC)769188262
050 1 4 _aRE11
_b.N49 2002eb
110 2 _aNew Orleans Academy of Ophthalmology.
_bAnnual Symposium
_n(51st :
_d2002 :
_cNew Orleans, La.)
245 1 0 _aWavefront and emerging refractive technologies
_h[electronic resource] /
_cedited by Jill B. Koury : proceedings of the 51st Annual Symposium of the New Orleans Academy of Ophthalmology on Wavefront and Emerging Refractive Technologies, New Orleans, LA, USA, February 22-24, 2002.
260 _aThe Hague, The Netherlands :
_bKugler Publications,
_c2003.
300 _axi, 198 p.
504 _aIncludes bibliographical references and index.
533 _aElectronic reproduction.
_bPalo Alto, Calif. :
_cebrary,
_d2011.
_nAvailable via World Wide Web.
_nAccess may be limited to ebrary affiliated libraries.
650 0 _aOphthalmology
_xTechnological innovations
_vCongresses.
650 0 _aLASIK (Eye surgery)
_vCongresses.
650 0 _aOptics, Adaptive
_vCongresses.
655 7 _aElectronic books.
_2local
700 1 _aKoury, Jill B.
710 2 _aebrary, Inc.
856 4 0 _uhttp://site.ebrary.com/lib/rucke/Doc?id=10505612
_zAn electronic book accessible through the World Wide Web; click to view
999 _c220044
_d220044